Stavebná biológia zdravý dom - zdravé bývanie

Podrobná bibliografia
Hlavný autor: Sándor, Attila (Autor)
Médium: Článok
Jazyk:slovenčina
Fyzický popis:Fotogr.
ISSN:1335-9134
Predmet:

MARC

LEADER 00000nab a2200000 a 4500
001 vtls000864508
003 SK-MaSNL
005 20260302161416.0
008 180206c2003 xo 0 slo
015 |a SNBRB2004/03-06854 
035 |a CLN000216061 
040 |a SNKBUCL  |b slo  |c SNKBUCL  |e AACR2 
041 0 |a slo 
044 |a xo  |c SK 
080 |a 573.6:351.778.5  |2 UDC-MRF-SK2 
080 |a 550.7:351.778.5  |2 UDC-MRF-SK2 
100 1 |a Sándor, Attila  |4 aut  |9 27011 
245 1 0 |a Stavebná biológia  |b zdravý dom - zdravé bývanie  |c Attila Sándor 
300 |b Fotogr. 
650 0 7 |a elektrobiológia  |2 snkbucl  |9 859233 
650 0 7 |a biológia stavebná  |2 snkbucl  |9 859234 
650 0 7 |a stavby  |x polia geofyzikálne prírodné  |x účinky nežiaduce  |2 snkbucl  |9 859235 
650 0 7 |a geobiológia  |2 snkbucl  |9 27012 
650 0 7 |a bývanie zdravé  |2 snkbucl  |9 859236 
650 0 7 |a biológia  |2 MESH  |9 689 
650 0 7 |a bývanie  |2 MESH  |9 1991 
655 7 |a články z novín a časopisov  |2 snkbucl  |9 267496 
773 0 |x 1335-9134  |t Vitalita  |g Č. 11 (2003), s. 18-19 
850 |a Slovenská národná knižnica v Martine 
852 |a SNK  |b KIS3GCP 
958 |a RBX 
999 |c 1377267  |d 1379197